| 000 | 01052nam a22003257a 4500 | ||
|---|---|---|---|
| 003 | CHAP | ||
| 005 | 20220329134034.0 | ||
| 008 | 971013s1981 r 00010 d | ||
| 010 | _a14487 | ||
| 011 | _a15459 | ||
| 035 | _a19535 | ||
| 040 | _cCHAP | ||
| 082 |
_a581.634 _bH4 |
||
| 100 | 0 | 0 |
_aHernández Magaña, Rafael. _954270 |
| 245 | _aPlantas medicinales | ||
| 260 |
_aMéxico, D.F. : _bArbol editorial, _c1981 |
||
| 300 |
_a254 p. _b: ilus. |
||
| 590 |
_aBATCH-UPD _b10 _c20130110 _lUCH01 _h0115 |
||
| 590 |
_aBATCH-UPD _b10 _c20130110 _lUCH01 _h1134 |
||
| 590 |
_aBATCH-UPD _b10 _c20130409 _lUCH01 _h2107 |
||
| 590 |
_aBATCH-UPD _b10 _c20130410 _lUCH01 _h0722 |
||
| 590 |
_aBATCH-UPD _b10 _c20130914 _lUCH01 _h0740 |
||
| 590 |
_aCONVERSION _b10 _c20130109 _lUCH01 _h1309 |
||
| 650 | 1 | 4 |
_aBotánica médica. _914680 |
| 700 | 0 |
_aGally Jordá, Mireya. _944468 |
|
| 901 | _aBK | ||
| 942 | _cLIBRO | ||
| 949 |
_a581.634 H4 _bBC _cLIBRO _d33724000942272 _eLIBRO _fc.2 _h70420 _i19535 _so |
||
| 949 |
_a581.634 H4 _bBC _cLIBRO _d33724002044868 _eLIBRO _h70419 _i19535 _so |
||
| 999 |
_c14487 _d14487 |
||